| 000 | 00814nam a22001577a 4500 | ||
|---|---|---|---|
| 003 | OSt | ||
| 005 | 20151006132802.0 | ||
| 008 | 151006b xxu||||| |||| 00| 0 eng d | ||
| 040 | _cRUA | ||
| 082 | _aAVM TI 2000 B072 Or.1 | ||
| 100 |
_92150 _aTI, NIMOL. |
||
| 245 | _aUsing local feed resource ( rice bran+ water plan+ palm juice) for feeding fattening pig in kohrongsng village, angsnourl district, kandal province, ការចិញ្ចឹមជ្រូកដោយប្រើ កន្ទក់ សារាយ លាយជាមួយទឹកត្នោត នៅភូមិ កោះរងាង ឃុំពន្សាំង ស្រុកអង្គស្នួល ខេត្តកណ្តាល | ||
| 260 |
_aPhnom Penh _bRUA _c2000 |
||
| 300 |
_avii; 50p. _bill. _c29cm. |
||
| 942 |
_2ddc _cAVM |
||
| 999 |
_c2023 _d2023 |
||